| 000 -LEADER |
| fixed length control field |
00938nam a2200313 a 4500 |
| 001 - CONTROL NUMBER |
| control field |
013431388 |
| 003 - CONTROL NUMBER IDENTIFIER |
| control field |
UkOxU |
| 005 - DATE AND TIME OF LATEST TRANSACTION |
| control field |
20190806082410.0 |
| 008 - FIXED-LENGTH DATA ELEMENTS--GENERAL INFORMATION |
| fixed length control field |
980804s1997 enk 000 0 eng d |
| 015 ## - NATIONAL BIBLIOGRAPHY NUMBER |
| National bibliography number |
GB 98-56893 |
| 020 ## - INTERNATIONAL STANDARD BOOK NUMBER |
| International Standard Book Number |
9780140256024 (pbk.) |
| 020 ## - INTERNATIONAL STANDARD BOOK NUMBER |
| International Standard Book Number |
0140256024 |
| 035 ## - SYSTEM CONTROL NUMBER |
| System control number |
BNB2502.439 |
| 040 ## - CATALOGING SOURCE |
| Original cataloging agency |
DB/U-1 |
| Transcribing agency |
KH8 |
| 082 ## - DEWEY DECIMAL CLASSIFICATION NUMBER |
| Classification number |
530.1 STE |
| 100 1# - MAIN ENTRY--PERSONAL NAME |
| Personal name |
Stewart, Ian, |
| Dates associated with a name |
1945- |
| Relator term |
author |
| 245 10 - TITLE STATEMENT |
| Title |
Does God play dice? : |
| Remainder of title |
the new mathematics of chaos / |
| Statement of responsibility, etc. |
Ian Stewart. |
| 250 ## - EDITION STATEMENT |
| Edition statement |
2nd ed. |
| 260 ## - PUBLICATION, DISTRIBUTION, ETC. |
| Place of publication, distribution, etc. |
London : |
| Name of publisher, distributor, etc. |
Penguin, |
| Date of publication, distribution, etc. |
1997. |
| 300 ## - PHYSICAL DESCRIPTION |
| Extent |
xii, 401 p. : |
| Other physical details |
ill. ; |
| Dimensions |
20 cm. |
| 500 ## - GENERAL NOTE |
| General note |
Previous ed.: 1990. |
| 504 ## - BIBLIOGRAPHY, ETC. NOTE |
| Bibliography, etc. note |
Inckludes bibliographical references and index. |
| 650 #0 - SUBJECT ADDED ENTRY--TOPICAL TERM |
| Topical term or geographic name entry element |
Chaotic behavior in systems. |
| 650 #0 - SUBJECT ADDED ENTRY--TOPICAL TERM |
| Topical term or geographic name entry element |
Chaotic behavior in systems |
| General subdivision |
Research |
| -- |
History. |
| 942 ## - ADDED ENTRY ELEMENTS (KOHA) |
| Source of classification or shelving scheme |
|
| Koha item type |
Books - Non Ficton |